Dynamic Finland: (Record no. 2096)

MARC details
000 -LEADER
fixed length control field 008420000a22002410004500
003 - CONTROL NUMBER IDENTIFIER
control field LK-CoMWRAF
005 - DATE AND TIME OF LATEST TRANSACTION
control field 20231127012841.0
008 - FIXED-LENGTH DATA ELEMENTS--GENERAL INFORMATION
fixed length control field 230817t2002 ||||| |||| 00| 0 eng d
020 ## - INTERNATIONAL STANDARD BOOK NUMBER
International Standard Book Number 9517464266
040 ## - CATALOGING SOURCE
Original cataloging agency LK-CoMWRAF
Modifying agency LK-CoMWRAF
Description conventions LK-CoMWRAF
041 ## - LANGUAGE CODE
Language code of text/sound track or separate title English
082 ## - DEWEY DECIMAL CLASSIFICATION NUMBER
Classification number 306.09
Item number PES
942 ## - ADDED ENTRY ELEMENTS (KOHA)
Koha item type Books
100 ## - MAIN ENTRY--PERSONAL NAME
Personal name Pesonen, Pertti
700 ## - ADDED ENTRY--PERSONAL NAME
Personal name Riihinen, Olavi
245 ## - TITLE STATEMENT
Title Dynamic Finland:
Remainder of title The political system and the welfare state
260 ## - PUBLICATION, DISTRIBUTION, ETC. (IMPRINT)
Place of publication, distribution, etc. Helsinki:
Name of publisher, distributor, etc. Finnish Literature Society,
Date of publication, distribution, etc. 2002
300 ## - PHYSICAL DESCRIPTION
Extent 323 p. : ill., maps ; 25 cm.
Other physical details bibliography and index included
490 ## - SERIES STATEMENT
Series statement Studia Fennica Historica
Volume/sequential designation 3
856 ## - ELECTRONIC LOCATION AND ACCESS
Uniform Resource Identifier <a href="https://library.oapen.org/bitstream/handle/20.500.12657/29744/9789522228222_dynamic_finland.pdf?sequence=1">https://library.oapen.org/bitstream/handle/20.500.12657/29744/9789522228222_dynamic_finland.pdf?sequence=1</a>
650 ## - SUBJECT ADDED ENTRY--TOPICAL TERM
Topical term or geographic name as entry element FINLAND-Politics and government
650 ## - SUBJECT ADDED ENTRY--TOPICAL TERM
Topical term or geographic name as entry element FINLAND-Social conditions
Holdings
Withdrawn status Lost status Damaged status Not for loan Permanent Location Current Location Date acquired Full call number Barcode Koha item type
        Resource center, Muslim Women's Research And Action Forum Resource center, Muslim Women's Research And Action Forum 2023-08-17 306.09 PES RAF1583 Books

Copyright © 2023 Muslim Women's Research and Action Forum (MWRAF), No 27/3, Anderson Road, Kalubowila, Dehiwela. Funded by The Asia Fundation